Statistiques concernant Éléments ayant une initiale différente (anglais/français)

Cliquez ici pour prendre le quiz!

Statistiques générales

  • Ce quiz a été pris 203 fois
  • Le résultat moyen est 4 sur 6

Statistiques - réponses

Nom anglaisNom français% Correct
GoldOr
79%
NitrogenAzote
73%
SilverArgent
65%
IronFer
62%
TinÉtain
43%
LeadPlomb
37%

Distribution des résultats

Percentile par nombre de réponses

% des personnes avec chaque résultat

Votre développement - résultats

Vous n’avez pas pris ce quiz